| 000 | 00871nam a2200301 a 4500 | ||
|---|---|---|---|
| 001 | 000108066 | ||
| 003 | CHAP | ||
| 005 | 20220329143955.0 | ||
| 008 | 131203s2007 maua |r| |||1|||eng d | ||
| 010 | _a104528 | ||
| 011 | _a105500 | ||
| 020 | _a9780878933082 | ||
| 040 | _cCHAP | ||
| 082 | 0 | 4 |
_a575.15 _bH2 2007 |
| 100 | 0 | 0 |
_aHartl, Daniel L. _952938 |
| 245 | 1 | 0 |
_aPrinciples of population genetics / _cpor Daniel L. Hartl y Andrew G. Clark. |
| 250 | _a4 ed. | ||
| 260 |
_aSunderland, Mass. : _bSinauer Associates, _cc2007. |
||
| 300 |
_axv, 652 p. : _bil., gráfs., tablas. |
||
| 590 |
_aE6096MTM _b05 _c20131203 _lUCH01 _h0952 |
||
| 650 | 1 | 4 |
_aGenética cuantitativa. _947487 |
| 650 | 1 | 4 |
_aGenética de población. _947488 |
| 650 | 1 | 4 |
_aVariación (Biología) _9118140 |
| 700 | 0 |
_aClark, Andrew g. _923602 |
|
| 901 | _aBK | ||
| 942 | _cLIBRO | ||
| 942 | _n0 | ||
| 999 |
_c104528 _d104528 |
||